[Event "IMSA Blitz Women 2019"]
[Site "Hengshui"]
[Date "2019.05.17"]
[Round "6.2"]
[White "Paehtz, Elisabeth"]
[Black "Krush, Irina"]
[Result "1-0"]
[WhiteElo "2470"]
[BlackElo "2422"]
[Annotator "TA"]
[PlyCount "99"]
[EventDate "2019.05.17"]
[EventType "blitz"]
[EventCountry "CHN"]
[SourceTitle "playchess.com"]
[Source "ChessBase"]
[SourceQuality "1"]

{[%evp 14,99,-12,-16,-14,-52,-48,-56,-62,-50,-39,-45,-44,-53,-23,-35,-31,-19,-18,-26,0,0,0,0,0,0,0,-21,-17,-9,-13,-47,0,0,0,0,0,0,18,0,0,0,79,16,18,-18,0,0,0,0,0,0,0,-99,-56,-71,-53,-77,-40,-54,-63,-45,-45,-104,-81,-79,-95,-379,-359,-368,-264,-265,-248,-350,-303,-319,-248,-242,-207,-200,-208,-177,-194,-379,0,0,29998,29999]} 1. d4 d5 2. Bf4 Nf6 3. e3 c5 4. Nf3 Nc6 5. c3 Qb6 6. Qb3 c4 7. Qc2 Bf5 8. Qc1 Nh5 {D02: 1 d4 d5 2 Nf3 sidelines, including 2...Nf6 3 g3 and 2...Nf6 3 Bf4} (8... e6 9. Nbd2 Qd8 10. h3 h6 11. Be2 Be7 12. O-O O-O 13. Bd1 b5 14. Bc2 Bxc2 15. Qxc2 Bd6 16. Bxd6 Qxd6 17. e4 dxe4 18. Nxe4 Nxe4 19. Qxe4 Qd5 20. Qxd5 exd5 {1-0 (51) Nisipeanu,L (2674)-Parligras,M (2645) Bucharest 2018}) 9. Bg5 h6 10. Bh4 g5 {Black is slightly better.} 11. Bg3 $1 Nxg3 12. hxg3 Bg7 13. Nbd2 e5 14. dxe5 $146 ({Predecessor:} 14. Nxe5 Nxe5 15. dxe5 {½-½ (33) Calabrese,C-Gagliardi,V (2128) ICCF email 2011}) 14... Nxe5 15. Nxe5 Bxe5 16. Be2 O-O 17. g4 Bh7 18. Nf3 Bg7 19. Qd2 Rad8 20. Bd1 f5 21. gxf5 Bxf5 22. Nd4 Be4 (22... Bxd4 $5 23. cxd4 Rd6 $15) 23. O-O Rf7 24. Bg4 Rd6 25. b3 Bg6 26. Be2 Qc5 27. Rad1 h5 (27... Be4 $11 {keeps the balance.}) 28. bxc4 (28. e4 $1 $16) 28... dxc4 $11 29. Qb2 (29. a4 $5 {[%cal Rd2a2]}) 29... g4 30. a4 a6 31. Qa2 b5 32. axb5 axb5 {[#]} 33. Qa8+ (33. Nxb5 $1 $11 {[%mdl 512] remains equal.} Rxd1 (33... Qxb5 34. Rxd6) 34. Rxd1 Qxb5 35. Bxc4 {[%mdl 64] Double Attack}) 33... Rf8 34. Qb7 Rb6 $36 {[%mdl 2048] White is under pressure.} 35. Qd7 Be8 (35... Rf7 $5 {[%cal Rf7d7]} 36. Qd8+ Kh7 $17) 36. Qa7 Rf7 37. Qa8 Qe5 38. Ra1 (38. Rb1 $15 Rb8 39. Qa6) 38... Rb8 {[%cal Bb6b8,Bb8c8,Bc8e8][%mdl 32]} 39. Qa6 g3 {And now ...gxf2+ would win.} 40. Nf3 $2 {[%mdl 8192]} (40. Rae1 $17 {was worth a try.}) 40... gxf2+ $19 41. Kxf2 Qxc3 42. Qd6 Rc8 43. Rad1 (43. Ra6 $142) 43... Qf6 44. Qd5 Bc6 45. Qxh5 Re8 {Threatens to win with ...Qe7.} 46. Kg1 Qe6 ({But not} 46... Rxe3 $2 47. Nd4 $18) 47. Ng5 Qxe3+ {[%mdl 64] Double Attack} 48. Kh1 $2 {[#]} (48. Kh2 Be5+ 49. Kh1) 48... Rxf1+ $2 (48... Bxg2+ $1 $19 {[%mdl 512]} 49. Kh2 (49. Kxg2 Qxe2+) 49... Bd5 50. Rxd5 Qxe2+ 51. Qxe2 Rxe2+ 52. Kg1 Re5 53. Rd8+ Rf8 54. Rfxf8+ Bxf8) 49. Rxf1 $11 {[%csl Gg5][%cal Rh5h7]} Be4 $2 {[%mdl 8192]} (49... Bxg2+ $11 50. Kh2 Bxf1 51. Qf7+ {[%mdl 64] [#] Double Attack} Kh8 $1 {[%mdl 512]} 52. Qh5+ Kg8 53. Qf7+ {[%mdl 64] Double Attack} Kh8 $1 {[%mdl 512]} 54. Qh5+ Kg8) 50. Qxe8+ {[%mdl 64] Double Attack. Accuracy: White = 41%, Black = 57%.} 1-0

[Event "IMSA Blitz Women 2019"]
[Site "Hengshui"]
[Date "2019.05.17"]
[Round "6.2"]
[White "Stefanova, Antoaneta"]
[Black "Tan, Zhongyi"]
[Result "0-1"]
[WhiteElo "2470"]
[BlackElo "2513"]
[Annotator "TA"]
[PlyCount "90"]
[EventDate "2019.05.17"]
[EventType "blitz"]
[EventCountry "CHN"]
[SourceTitle "playchess.com"]
[Source "ChessBase"]
[SourceQuality "1"]

{[%evp 10,90,14,25,43,18,60,-25,47,54,36,19,29,24,19,8,88,15,102,97,128,118,208,162,191,202,230,109,153,147,151,136,222,194,181,118,215,206,207,200,201,-17,2,-85,-35,-30,-14,-83,-47,-329,-219,-205,-142,-275,-262,-460,-445,-439,-408,-773,-758,-769,-756,-29982,-29983,-29989,-29990,-29990,-29991,-29993,-29994,-29995,-29996,-29996,-29992,-29997,-29993,-29993,-29987,-29990,-29987,-29991,-29992]} 1. d4 Nf6 2. Nc3 g6 3. e4 d6 4. f4 Bg7 5. a3 O-O 6. Nf3 Nc6 {B09: Pirc Defence: Austrian Attack} 7. Be2 e5 (7... d5 8. e5 Ne4 9. Bd3 f5 10. O-O e6 11. Be3 b6 12. Ng5 Nxg5 13. fxg5 {1-0 (46) Van Foreest,J (2612)-Fedoseev,V (2724) Wijk aan Zee 2019}) 8. d5 (8. dxe5 $14 Nh5 9. exd6) 8... Nb8 $146 (8... Nd4 $1 $11) ({Predecessor:} 8... Nd4 9. fxe5 Nxf3+ 10. Bxf3 Ng4 11. Bxg4 Qh4+ 12. g3 Qxg4 13. Qxg4 Bxg4 14. exd6 cxd6 {½-½ (38) Nevanlinna,R (2316)-Natri,A (2211) Finland 2005}) 9. fxe5 $14 dxe5 10. O-O c6 11. Bg5 h6 12. Bh4 Qe8 (12... g5 $11 {remains equal.} 13. Bg3 cxd5) 13. dxc6 (13. Qd2 $16) 13... bxc6 (13... Nxc6 $11 14. Qd6 g5) 14. Qd6 $16 Nbd7 15. Rad1 $36 {[%mdl 2048] Keeping Black busy.} Kh7 (15... Ng4 $16) 16. b4 Ng4 17. Qxc6 Rb8 18. Rd6 (18. Rfe1 $18 {and White stays clearly on top.}) 18... Rb6 19. Qc7 Rxd6 20. Qxd6 Ne3 (20... f5 $16 {was worth a try.}) 21. Rc1 f5 22. Qe7 (22. Bf2 $18 f4 23. Qd3) 22... Bb7 (22... Qxe7 $16 23. Bxe7 Rf7) 23. Qxe8 $18 Rxe8 24. Bb5 Rc8 {[#]} 25. Be1 $2 ({Not} 25. Bxd7 Rxc3 26. exf5 Nxf5 $11) (25. Nd1 $1 $18 {[%cal Rd1e3]} Nxg2 26. Kxg2 (26. Bxd7 Nxh4 27. Nxh4 Rd8 $16)) 25... Nb6 $11 26. exf5 (26. Bd3 $1 $11) 26... gxf5 {aiming for ...e4.} 27. Na4 e4 ({Don't blunder} 27... Nxc2 $2 28. Nxb6 axb6 29. Bd7 $18) 28. Nh4 (28. Nxb6 $11 axb6 29. Bf2) 28... Rxc2 $17 29. Rb1 $2 {[%mdl 8192]} (29. Rxc2 $15 Nxc2 30. Nxb6) 29... Bf6 30. Nxb6 axb6 31. Bf2 (31. Ba4 $17 {keeps fighting.} Ra2 32. Bb3 Rxa3 33. g3) 31... Ng4 $19 {[#] Strongly threatening ...e3.} 32. Bxb6 $2 (32. Rd1 {is the only way for White.}) 32... Bxh4 33. Bd7 Kg6 {( -> ...e3)} 34. Be8+ (34. Rf1 $142 Bc8 35. Ba4) 34... Kf6 {Hoping for ...e3.} 35. Bd8+ Ke5 36. Bxh4 e3 {Black mates.} 37. Bg3+ f4 38. Bxf4+ Kxf4 39. g3+ Ke5 40. Bb5 Rg2+ 41. Kf1 Nxh2+ 42. Ke1 Nf3+ 43. Kd1 Rg1+ 44. Kc2 Be4+ 45. Kc3 Rxb1 {Accuracy: White = 30%, Black = 43%.} 0-1

[Event "IMSA Blitz Women 2019"]
[Site "Hengshui"]
[Date "2019.05.17"]
[Round "6.2"]
[White "Bodnaruk, Anastasia"]
[Black "Abdumalik, Zhansaya"]
[Result "0-1"]
[WhiteElo "2431"]
[BlackElo "2464"]
[Annotator "TA"]
[PlyCount "74"]
[EventDate "2019.05.17"]
[EventType "blitz"]
[EventCountry "CHN"]
[SourceTitle "playchess.com"]
[Source "ChessBase"]
[SourceQuality "1"]

{[%evp 23,74,0,25,30,25,0,0,0,0,0,-4,-45,-6,-1,-4,-55,-57,-70,-27,-31,-35,-22,-25,-19,12,12,12,14,3,8,9,-16,-12,-95,-78,-135,-134,-125,-128,-131,-75,-85,0,0,0,0,0,0,0,0,0,-579,-579]} 1. e4 e5 2. Nf3 Nc6 3. Bb5 a6 4. Ba4 Nf6 5. O-O Be7 6. Re1 b5 7. Bb3 O-O 8. a4 Bb7 9. d3 d6 10. c3 Na5 11. Ba2 c5 12. Nbd2 Qc7 13. Nf1 {C88: Closed Ruy Lopez: Anti-Marshall Systems} c4 14. Ng3 Rfe8 15. d4 {The position is equal.} (15. Nf5 Bf8 16. Bg5 Nd7 17. Nd2 Nc5 18. dxc4 Nxc4 19. Bxc4 bxc4 20. Re3 Re6 {0-1 (32) Caruana,F (2770)-Tomashevsky,E (2738) Moscow 2012}) 15... Bf8 16. Bg5 Nd7 $146 ({Predecessor:} 16... Be7 17. Nf5 Kh8 18. Nxe7 Qxe7 19. Nh4 h6 20. Nf5 Qe6 21. Bxf6 Qxf6 22. dxe5 dxe5 {1-0 (60) Munoz Galvez,J (2208)-Romo Bucheli,D (1937) Bogota 2012}) 17. Nd2 h6 18. Be3 exd4 19. Bxd4 (19. cxd4 $11 g6 20. d5) 19... Nc6 $15 20. Nf3 Nde5 21. Nxe5 dxe5 22. Be3 Rad8 23. Qe2 Ne7 24. axb5 axb5 25. b3 {[%cal Rb3c4]} Rd3 26. bxc4 bxc4 27. Rab1 Ba6 28. Rb6 {[#]} (28. Qb2 $11) 28... Ra8 $1 $17 29. Reb1 (29. Nf5 $142) 29... Nc8 30. R6b2 Rxc3 31. Nf5 Ra3 ({Better is} 31... Nd6 32. Nxd6 Bxd6) 32. Rc2 {[%cal Ra2c4]} Nd6 ({Black should try} 32... Qc6 $17 33. Bxc4 Qxe4 34. Bxa6 R3xa6) 33. Nxd6 $1 $11 Bxd6 34. Bxc4 Rc8 $36 {[%cal Ra6c4][%mdl 2048] Black is more active.} 35. Rbc1 {h3 is the strong threat.} Bxc4 {[%mdl 64] [#] Overworked Piece} 36. Rxc4 Qxc4 37. Rxc4 $4 {[%mdl 8192]} (37. Qxc4 $11 {and White has nothing to worry.} Rxc4 38. Rxc4) 37... Ra1+ {Accuracy: White = 58%, Black = 52%.} 0-1

[Event "IMSA Blitz Women 2019"]
[Site "Hengshui"]
[Date "2019.05.18"]
[Round "7.1"]
[White "Muzychuk, Mariya"]
[Black "Zhao, Xue"]
[Result "0-1"]
[WhiteElo "2563"]
[BlackElo "2485"]
[Annotator "TA"]
[PlyCount "34"]
[EventDate "2019.05.17"]
[EventType "blitz"]
[EventCountry "CHN"]
[SourceTitle "playchess.com"]
[Source "ChessBase"]
[SourceQuality "1"]

{[%evp 11,34,25,33,12,12,-8,-13,-8,2,-27,-28,-57,-51,-54,-59,-50,-47,-47,0,-45,-27,-25,-35,-929,-912]} 1. e4 Nf6 2. e5 Nd5 3. d4 d6 4. Nf3 dxe5 5. Nxe5 c6 6. Bc4 Nd7 7. Qe2 {B04: Alekhine's Defence: 4 Nf3} (7. Nf3 {looks sharper.} e6 8. O-O Be7 9. Bd3 O-O 10. c4) (7. Nf3 N7f6 8. Bb3 Bg4 9. h3 Bh5 10. g4 Bg6 11. Ne5 Nd7 12. Nxg6 hxg6 13. c4 Nc7 14. Nc3 e5 {1-0 (31) Demchenko,A (2664)-Pavlov,S (2491) Konya 2018}) 7... Nxe5 8. dxe5 Bf5 9. O-O {The position is equal.} e6 10. Rd1 Qh4 11. Nc3 $146 ({Predecessor:} 11. Bxd5 exd5 12. Be3 Qe4 13. Nc3 Qxe5 14. Re1 Bd6 {0-1 (33) Bulmaga,I (2427)-Cornette,D (2439) Riadh 2017}) 11... Bc5 12. Nxd5 exd5 {[#]} 13. Bxd5 $1 {[%mdl 512]} O-O-O $36 {[%mdl 2048] Strongly threatening ...Bg4. Black has some pressure.} (13... cxd5 14. Qb5+) 14. g3 Qa4 15. Bb3 Rxd1+ 16. Qxd1 Qe4 {[#] ( -> ...Bh3)} 17. Bf4 $2 {[%mdl 8192]} (17. Qf1 $15) 17... Bh3 0-1

[Event "IMSA Blitz Women 2019"]
[Site "Hengshui"]
[Date "2019.05.18"]
[Round "7.1"]
[White "Tan, Zhongyi"]
[Black "Lei, Tingjie"]
[Result "1/2-1/2"]
[WhiteElo "2513"]
[BlackElo "2507"]
[Annotator "TA"]
[PlyCount "148"]
[EventDate "2019.05.17"]
[EventType "blitz"]
[EventCountry "CHN"]
[SourceTitle "playchess.com"]
[Source "ChessBase"]
[SourceQuality "1"]

{[%evp 9,148,20,19,0,2,-14,-16,-20,-18,-29,-19,-18,-3,1,-14,-64,-62,-213,-119,-130,-104,-106,-99,-105,-29,-26,-34,-37,-34,-128,-108,-104,-43,-52,-44,-87,-24,-10,-11,-27,-9,-16,-11,-1,-8,-11,-12,-23,0,0,0,0,0,0,0,-20,0,-14,0,0,0,0,0,0,41,-52,-37,-51,-46,-100,0,-25,-25,-27,-47,-32,0,0,0,0,0,0,0,0,0,0,0,0,0,0,0,0,6,6,4134,4133,4134,6,6,6,6,6,6,6,6,6,6,6,6,6,6,6,6,6,13,13,13,13,13,13,13,13,13,13,13,13,13,13,13,13,13,13,13,0,13,13,13,13,13,0,0]} 1. c4 e6 2. Nc3 d5 3. d4 Nf6 4. Bg5 dxc4 5. e3 c5 6. dxc5 {D50: Queen's Gambit Declined: Dutch-Peruvian Gambit} (6. Nf3 cxd4 7. Nxd4 Qc7 8. Ndb5 Qc5 9. Qd4 Qxd4 10. exd4 Na6 11. Bxc4 Be7 12. O-O O-O 13. Rfe1 {½-½ (45) Nabaty,T (2692)-Huschenbeth,N (2589) Douglas 2018}) 6... Nbd7 7. c6 bxc6 8. Bxc4 Qb6 9. Qb3 $146 ({Predecessor:} 9. Bxf6 Nxf6 10. Rb1 Bb4 11. Nge2 O-O 12. O-O Bb7 13. Qc2 {1-0 (54) Kollowa,K (2052)-Haeberle,A (1849) GER email 2008}) 9... Nd5 10. Nge2 Ne5 11. Bxd5 cxd5 12. Qxb6 axb6 13. Nb5 $2 (13. O-O $15) 13... Bb4+ (13... Ra5 $1 $19 {[%cal Ra5b5]} 14. Ned4 f6) 14. Nec3 $17 Kd7 15. O-O Ba6 16. Rfd1 Bxc3 (16... f6 $17 17. Bf4 Rhc8 18. Bxe5 fxe5) 17. Nxc3 $11 f6 18. Bf4 Nd3 19. b3 (19. Rd2 $15) 19... Nxf4 20. exf4 g6 ({Black should play} 20... Rhc8 $17 21. Na4 Rc6) 21. Na4 Rab8 22. Rd2 Bb5 (22... Rhc8 $17) 23. Nc3 Bc6 24. f3 Ke7 25. Kf2 Rhc8 26. Re1 Kf7 27. Ne2 Bd7 28. Nd4 b5 29. Rde2 {[%cal Rd4e6]} Rb6 30. g4 b4 31. g5 Ra6 32. Rd1 Rca8 33. Rdd2 R8a7 34. h4 Ra8 35. Rc2 R8a7 36. Kg3 Ra5 37. Re1 (37. Nc6 $14 Bxc6 38. Rxc6) 37... Rxa2 $15 38. Rxa2 Rxa2 {[%mdl 4096] Endgame KRB-KRN} 39. Rc1 $1 {[%cal Rc1c7] [#] With the idea Rc7.} Rd2 (39... Ke7 $1 $17 40. Rc2 Ra1) 40. Rc7 Ke8 {Strongly threatening ...fxg5.} 41. Nc2 fxg5 42. hxg5 Rd3 43. Nxb4 Rxb3 44. Na6 $1 {Black must now prevent Rxd7!} Rb6 45. Nc5 Rc6 46. Rxd7 Rxc5 47. Rxh7 $11 {KR-KR} d4 48. Rg7 d3 {Hoping for ...d2.} 49. Kf2 $1 Rd5 50. Ke1 Rd4 (50... Rf5 {looks sharper.} 51. Kd2 Kf8 52. Rxg6 Rxf4 53. Kxd3 Rxf3+ 54. Ke2 Rf5) 51. Rxg6 Rxf4 $2 {[%mdl 8192]} (51... d2+ $11 52. Kd1 Rxf4) 52. Rxe6+ $18 Kf7 {[#]} 53. Re3 $2 (53. Rf6+ $1 $18 Rxf6 54. gxf6) 53... Kg6 $11 {The position is equal.} 54. Rxd3 Kxg5 55. Kf2 Ra4 56. Kg3 Kf5 57. Rd5+ Ke6 58. Rb5 Kf6 59. f4 Ra1 60. Kf3 Ra3+ 61. Kg4 Ra1 62. Rb6+ Kg7 63. Kg5 Rg1+ 64. Kf5 Ra1 65. Rb7+ Kf8 66. Kg6 Ra6+ 67. Kg5 Kg8 68. f5 Kf8 69. Rc7 Kg8 70. Rc8+ (70. Kg4 {feels hotter.} Kf8 71. Kh4 Rb6 72. Rd7 Ra6 73. Kg5) 70... Kf7 71. Rc7+ Kf8 72. Rb7 Kg8 73. Re7 Kf8 74. Re6 Rxe6 {Accuracy: White = 56%, Black = 48%.} 1/2-1/2

[Event "IMSA Blitz Women 2019"]
[Site "Hengshui"]
[Date "2019.05.18"]
[Round "7.1"]
[White "Dzagnidze, Nana"]
[Black "Krush, Irina"]
[Result "0-1"]
[WhiteElo "2510"]
[BlackElo "2422"]
[Annotator "TA"]
[PlyCount "78"]
[EventDate "2019.05.17"]
[EventType "blitz"]
[EventCountry "CHN"]
[SourceTitle "playchess.com"]
[Source "ChessBase"]
[SourceQuality "1"]

{[%evp 20,78,-12,-15,-16,-49,-19,-51,-51,-51,-51,-53,-54,-54,-54,-55,-56,-139,-124,-160,-156,-163,-138,-143,-131,-148,-127,-211,-205,-226,-224,-238,-216,-196,-203,-328,-288,-295,-287,-285,-252,-369,-366,-389,-391,-607,-602,-727,-691,-669,-562,-619,-611,-1039,-1041,-1444,-1432,-1845,-1018,-2341,-1059]} 1. c4 c5 2. Nf3 Nc6 3. Nc3 g6 4. e3 Nf6 5. d4 cxd4 6. exd4 d5 7. cxd5 Nxd5 8. Qb3 Nxc3 9. bxc3 Bg7 10. Be2 O-O 11. O-O b6 {A35: Symmetrical English: 2 Nc3 Nc6 3 Nf3} (11... Na5 12. Qa3 Be6 13. Bg5 Re8 14. Bb5 Nc6 15. Rfd1 a6 16. Be2 Qa5 17. Qb2 Bd5 18. Be3 e5 19. a4 exd4 20. Nxd4 Nxd4 21. cxd4 {½-½ (99) Zhao,X (2485)-Cramling,P (2465) St Petersburg 2018}) 12. Ba3 Be6 13. c4 $146 ({Predecessor:} 13. Qd1 Na5 14. Bb4 Rc8 15. Bxa5 bxa5 16. Rc1 Bxa2 17. c4 Rb8 18. Rc3 Qb6 19. Qd2 {½-½ (68) Mueller,P (2019)-Rubel,J (2107) Erlensee 2007}) 13... Nxd4 {Black is slightly better.} 14. Nxd4 Qxd4 ({Of course not} 14... Bxd4 15. Rad1 $11) 15. Bxe7 Rfe8 16. Rad1 Qe5 17. Bf3 Rac8 $36 {[%mdl 2048] Black has good play.} 18. Rfe1 (18. Bd6 $15 Bxc4 19. Bxe5 Bxb3 20. axb3 Bxe5 21. Rd7) 18... Qc7 19. Bd6 Qxc4 20. Qxc4 Bxc4 21. a3 h5 22. h3 a5 23. Rc1 (23. Rxe8+ $17 {might work better.} Rxe8 24. Bc7) 23... b5 24. Red1 a4 25. Bb4 Bf8 26. Bxf8 Kxf8 27. Rd7 (27. Rd2 $142) 27... Rcd8 28. Rb7 Re7 29. Rb6 Rd3 30. Bc6 (30. Ra1 {was necessary.}) 30... Rb3 $19 31. Rd1 Rxa3 32. Rd8+ (32. Rb1 $142 Bd3 33. Rb4) 32... Kg7 {Black is clearly winning.} 33. Rbb8 Ra1+ 34. Kh2 Rb1 35. Rg8+ Kf6 36. Bf3 a3 {[%cal Ba4a3,Ba3a2][%mdl 32]} 37. Rb6+ Re6 38. Rb7 a2 39. Rf8 Re7 {Accuracy: White = 22%, Black = 62%.} (39... a1=Q $142 40. Rfxf7+ Ke5) 0-1

[Event "IMSA Blitz Women 2019"]
[Site "Hengshui"]
[Date "2019.05.18"]
[Round "7.1"]
[White "Gunina, Valentina"]
[Black "Koneru, Humpy"]
[Result "1-0"]
[WhiteElo "2506"]
[BlackElo "2553"]
[Annotator "TA"]
[PlyCount "161"]
[EventDate "2019.05.17"]
[EventType "blitz"]
[EventCountry "CHN"]
[SourceTitle "playchess.com"]
[Source "ChessBase"]
[SourceQuality "1"]

{[%evp 9,161,20,27,15,33,0,1,-28,-15,-11,-8,-7,-6,-1,-6,-22,-16,-50,-56,-53,-56,-212,-202,-414,-299,-318,-166,-154,-159,-220,-201,-250,-250,-262,-266,-537,-533,-595,-594,-682,-654,-633,-587,-597,-538,-583,-599,-599,-579,-634,-612,-620,-541,-527,-464,-506,-460,-542,-541,-530,-486,-481,-466,-717,-482,-481,-481,-473,-398,-373,-275,-242,50,66,50,68,66,45,120,120,109,79,75,79,75,70,279,270,233,260,232,-240,-236,-240,0,0,0,0,1006,1071,635,116,91,108,311,200,183,179,167,166,163,80,87,8,8,0,8,0,0,0,8,8,8,8,8,0,8,8,29958,29957,29957,29961,29960,29962,4609,29962,29961,29963,12843,6093,29988,29980,29980,29981,29981,29982,29984,29985,29985,29986,29986,29987,29987,29988]} 1. e4 e5 2. Nf3 Nf6 3. Nxe5 d6 4. Nf3 Nxe4 5. Bd3 Nf6 6. O-O {C42: Petroff Defence: 3 Nxe5 and unusual White 3rd moves} Be7 7. Nc3 (7. c3 O-O 8. Bc2 c5 9. d4 Be6 10. Re1 Re8 11. Bg5 Nbd7 12. Nbd2 Qb6 13. dxc5 dxc5 {½-½ (54) Shankland,S (2725)-Mamedyarov,S (2817) Wijk aan Zee 2019}) 7... O-O 8. b3 {The position is equal.} Bg4 $146 ({Predecessor:} 8... c5 9. Bb2 Nc6 10. Qe2 d5 11. h3 Nh5 12. Nh2 Nf4 13. Qf3 Nxd3 14. Qxd3 {0-1 (35) Phillips,D (1243)-Heyvaert,P (1990) IECC email 2012}) 9. h3 Bh5 10. Bb2 Re8 11. Be2 Nbd7 12. d4 d5 13. Qd2 Bb4 14. Qd1 c6 15. Bd3 $2 (15. Ne5 $15 Bxe2 16. Nxe2) 15... Ne4 $1 $19 {[%cal Re4c3]} 16. Na4 $2 (16. Ne2) 16... b5 17. a3 Bxf3 (17... bxa4 18. axb4 Ng5 19. Be2 $17) (17... Ng5 $142 18. axb4 Bxf3) 18. Qxf3 Nd2 $36 {[%mdl 2048] Black is really pushing.} 19. Qg4 (19. Bxh7+ $17 Kxh7 20. Qd3+ Kg8 21. axb4 Nxf1 22. Nc5) 19... Nf6 20. Qf5 Nxf1 21. axb4 {Nc5 would now be nice for White.} bxa4 22. bxa4 $2 (22. Bxf1 {was called for.} axb3 23. cxb3) 22... Nd2 23. Rd1 Nde4 24. Bc1 Nd6 25. Qf3 h6 26. Bf4 Nde4 27. Be5 Nd7 28. Bf4 Qf6 29. Be3 Qxf3 30. gxf3 Nef6 31. a5 g5 32. c3 Rab8 33. Kg2 Nf8 34. h4 gxh4 35. Bxh6 Ng6 36. f4 (36. Rg1 $142) 36... Nh5 37. Kf3 Kh7 38. Bg5 Kg7 39. Rg1 {White hopes to continue with f5.} Kf8 40. f5 {[#]} f6 $2 ({Less strong is} 40... Nh8 41. f6 $15) (40... Ngf4 $1 $19 41. Bxf4 Nxf4 42. Kxf4 Ke7) 41. Bh6+ $14 Ke7 $1 {aiming for ...Nh8.} 42. fxg6 {Kg4 is the strong threat.} Rh8 $1 {[%cal Rh8h6]} 43. Bd2 Rbg8 (43... h3 $14) 44. Re1+ Kd6 45. c4 dxc4 46. Bxc4 Rxg6 47. b5 $1 {Threatens to win with Bb4+.} cxb5 $2 (47... f5 $1 $14) 48. Bb4+ $18 Kc7 49. Re7+ Kd8 ({Weaker is} 49... Kc8 50. Be6+ Kd8 51. Rd7+ Kc8 52. Bd6 Nf4 53. Kxf4 Rg4+ 54. Kxg4 f5+ 55. Bxf5 Rd8 56. Rxa7+ Rd7 57. a6 Kd8 58. Ra8#) 50. Bxb5 $4 {[%mdl 8192]} (50. Rxa7 $18 {and all is fine.} bxc4 51. Ra8+ Kc7 52. Rxh8) 50... Rg7 $19 51. Re6 Rb7 $2 ({Better is} 51... h3 $1 $19 {[%cal Rh3h2]} 52. Rd6+ Kc8 53. Rc6+ Rc7 54. Ba6+ (54. Bd6 $2 Rxc6 55. Bxc6 Ng7 $19) 54... Kd7 55. Rd6+ Ke7 56. Rc6+ Kd7 57. Rd6+ Ke7 58. Rc6+ Kd7) 52. Rd6+ $11 Kc7 53. Rc6+ Kb8 $2 {[%mdl 8192]} (53... Kd7 $11 54. Rd6+ Kc7 55. Rc6+ Kd8 56. Rd6+ Kc7) 54. Bd6+ $18 Ka8 {[#]} 55. Rc5 $2 (55. Bc4 $1 $18 {[%cal Rc4d5] and the rest is easy.} Ng7 56. a6) 55... Rxb5 $16 56. Rxb5 Rd8 $2 (56... Ng7 $16) 57. Rxh5 Rxd6 58. Rxh4 $18 {[%mdl 4096] Endgame KR-KR} Rd5 59. a6 {Rh8+ would kill now.} Kb8 {[#]} 60. Ke4 (60. Re4 $1 $18 {has better winning chances.}) 60... Rd6 $16 61. Kf5 (61. Rh8+ $16 Kc7 62. Rf8) 61... Rxa6 $11 62. d5 Rd6 63. Rd4 Kc7 64. Ke4 Kb6 65. Rb4+ Kc5 66. Ra4 a6 67. Ra1 Kb5 68. Kd4 {Black must now prevent Rb1+.} a5 $2 {[%mdl 8192]} (68... Rb6 $11) 69. Rb1+ Ka6 70. Kc5 Rd8 71. d6 Rc8+ 72. Kd5 Rc2 73. d7 Rd2+ 74. Kc6 {Intending Rb6+ and mate.} a4 75. Rb8 {[%cal Rb8a8] White mates.} Rc2+ 76. Kd6 Rd2+ 77. Ke6 Ka5 78. d8=Q+ Rxd8 79. Rxd8 a3 80. Ra8+ Kb4 81. Kxf6 {Accuracy: White = 28%, Black = 49%.} 1-0

[Event "IMSA Blitz Women 2019"]
[Site "Hengshui"]
[Date "2019.05.18"]
[Round "7.1"]
[White "Paehtz, Elisabeth"]
[Black "Harika, Dronavalli"]
[Result "1/2-1/2"]
[WhiteElo "2470"]
[BlackElo "2492"]
[Annotator "TA"]
[PlyCount "67"]
[EventDate "2019.05.17"]
[EventType "blitz"]
[EventCountry "CHN"]
[SourceTitle "playchess.com"]
[Source "ChessBase"]
[SourceQuality "1"]

{[%evp 9,67,11,9,3,10,8,13,0,0,8,1,-6,14,14,22,-2,4,5,23,18,20,4,11,0,16,16,14,-6,0,0,0,0,0,0,0,0,0,0,0,0,0,0,0,0,0,-7,0,0,0,0,0,0,0,0,0,0,0,0,0,0]} 1. d4 Nf6 2. Nf3 d6 3. c3 Nbd7 4. Bg5 e5 (4... g6 5. Nbd2 Bg7 6. e4 h6 7. Bh4 g5 8. Bg3 Nh5 9. Bd3 e6 10. Qe2 O-O 11. O-O-O Qe7 12. e5 g4 13. exd6 cxd6 14. Nh4 Nxg3 15. hxg3 Qg5 16. Kb1 d5 {1-0 (24) Harikrishna,P (2726)-Caruana,F (2791) Dubai 2014}) 5. e3 Be7 6. Be2 {A46: 1 d4 Nf6 2 Nf3 e6: Torre, London and Colle Systems} O-O 7. O-O h6 8. Bh4 Ne4 $146 ({Predecessor:} 8... a6 9. Nbd2 e4 10. Ne1 d5 11. f3 Re8 12. Nc2 exf3 13. gxf3 {½-½ (46) Giffard,N (2345)-Ivanisevic,I (2542) Cappelle-la-Grande 2004}) 9. Bxe7 Qxe7 10. Nbd2 Ndf6 11. Nxe4 Nxe4 12. Nd2 Nxd2 13. Qxd2 f5 14. f4 c6 {The position is equal.} 15. dxe5 dxe5 16. Rad1 Be6 17. Qd6 Rae8 18. a3 Bd5 (18... Bb3 {is interesting.} 19. Qxe7 Rxe7 20. Rd2 g6 21. Kf2 Rff7) 19. Qxe7 Rxe7 20. Bf3 Bxf3 21. Rxf3 exf4 22. exf4 $11 {[%mdl 4096] Endgame KRR-KRR} Re2 23. Rf2 Rfe8 24. Kf1 R2e4 25. g3 R8e7 26. Rfd2 Kf7 27. Rd7 g5 28. Rxe7+ Rxe7 {KR-KR} 29. Kf2 g4 30. Rd6 Re6 31. Rd7+ Re7 32. Rd6 Re6 $1 {[%cal Re6d6]} 33. Rd7+ Re7 34. Rd6 {Accuracy: White = 65%, Black = 57%.} 1/2-1/2